Państwa posiadające eksklawy - Statystyki

Ogólne statystyki
  • Ten quiz został rozwiązany 182 razy
  • Średni wynik to 6 z 17
Statystyki odpowiedzi
# Odpowiedź % Poprawnych
8 Rosja
86%
4 Stany Zjednoczone
81%
9 Hiszpania
66%
14 Wielka Brytania
60%
3 Włochy
53%
6 Indie
46%
2 Niemcy
45%
1 Belgia
36%
17 Azerbejdżan
34%
12 Oman
24%
7 Angola
22%
10 Chorwacja
22%
5 Bangladesz
20%
16 Tadżykistan
13%
15 Uzbekistan
13%
13 Brunei
9%
11 Timor Wschodni
5%
Nie znaleziono quizów pasujących do podanych kryteriów
Rozkład punktacji
Procent ludzi z każdym wynikiem
Percentyl według liczby udzielonych odpowiedzi
Twoja historia wyników
Nie rozwiązałeś tego quizu